Comenius and Hungary

Bibliographic Details
Main Author: Főldes, Éva (Author)
Format: Book
Language:Undetermined
PhysicalDescription:175 s.
Published: Budapest Akadémiai Kiadó 1973

MARC

LEADER 00000nam a2200000 a 4500
001 vtls001344380
003 SK-MaSNL
005 20260301010139.0
008 240316s1973 xx 0 und
035 |a SNK000297574 
040 |a SNK  |b slo  |c SNK  |e AACR2 
100 1 |a Főldes, Éva  |4 aut  |9 291522 
245 1 |a Comenius and Hungary 
260 |a Budapest  |b Akadémiai Kiadó  |c 1973 
300 |a 175 s. 
958 |a OND 
999 |c 547272  |d 549202 
952 |a SNK  |b SNK  |y PREZ  |7 0  |p 17A0959337  |o snkSC 34283  |0 0  |1 0  |4 0  |d 2012-10-11  |l 0  |r 2025-09-30 00:00:00  |w 2026-02-23 
952 |a SNK  |b SNK  |y VYP  |7 0  |p 17A0164001  |o snkSC 34283 D1  |0 0  |1 0  |4 0  |d 1998-10-07  |l 0  |r 2005-01-02 00:00:00  |w 2026-02-23